00481 a2200181 450000100060000002000150000604000240002110000300004524000280007524500230010330000080012636200090013444000120014365000310015594200070018695200890019399900170028270000 a8508043236 cAnchieta - Itaigara aPenteado, Maria Heloísa10aA velha Fridélialpor10aA velha Fridélia a1270 a1985 1aÁtica 4aLiteratura infanto-juvenil cBK 00104070a88.1b88.1d2023-11-21l0p2957/ITAr2023-11-21 20:04:49w2023-11-21yBK c70000d70000